000 00350nam a2200145Ia 4500
008 240624s9999 xx 000 0 und d
041 _aeng
082 _a658.827 DAL
100 _aRILEY FRANCESCA DALL OLMO
245 _aBRAND MANAGEMENT
260 _c2010
_aLondon
_bSage
300 _avi, : 491 : p. : cm. ; 24
365 _cGBP
_b38
440 _v2
999 _c26635
_d26635